000 00359 a2200169 4500
001 71749
020 _a
040 _cAnchieta - Colégio São Paulo
100 _aBraido, Eurice
240 1 0 _aA rainha da neve
_lpor
245 1 0 _aA rainha da neve
300 _a22
362 0 _a0
440 1 _aFTD
650 4 _aLiteratura infanto-juvenil
942 _cBK
999 _c71749
_d71749